00728nam a2200157 450000500170000000800410001702000150005805000250007310000350009824500770013325000110021026001240022130000180034550500990036361001080046220250623120356.0170117b mx ||||| |||| 00| 0 spa d a968610187X04aT173 .I57 bG88 19981 aGutierrez T. Formoso, Alberto.10aAcontecer historico del Iteso, 1957-1997c/ Alberto Gutierrez T. Formoso a1a ed. aTlaquepaque, Jalisco, México : bInstituto Tecnológico y de Estudios Superiores de Occidente (ITESO), c1997-1998.  av. ; c23 cm. tv. 2. Lo académico desde los documentos oficiales --tv. 3. Lo organizacional-administrativo2 aInstituto Tecnológico de Estudios Superiores de Occidente xHistoriazGuadalajara, Jalisco, México